| 000 | 00606nam a22002177a 4500 | ||
|---|---|---|---|
| 999 |
_c902 _d902 |
||
| 001 | 3754 | ||
| 003 | BD-DhUAP | ||
| 005 | 20200205115138.0 | ||
| 008 | 200129s1998 maua|||| |||| 001 0 eng d | ||
| 020 | _a0697393011 | ||
| 040 |
_aBD-DhUAP _bEng _cBD-DhUAP _dBD-DhUAP |
||
| 082 |
_223 _a339 MAC |
||
| 245 |
_aMacroeconomics 98/99 / _cEdited by Don Cole. |
||
| 250 | _a12th ed. | ||
| 260 |
_aGuilford : _bDushkin/McGraw-Hill, _cc1998. |
||
| 300 |
_ax, 245 pages : _billustrations ; _c28 cm. |
||
| 500 | _aIncludes index. | ||
| 650 |
_aMacroeconomics _zUnited States. |
||
| 700 | _aCole, Don. | ||
| 942 |
_2ddc _cBK |
||